Executive orders / (Record no. 6852)
[ view plain ]
| 000 -LEADER | |
|---|---|
| fixed length control field | 01157cam a2200289 4500 |
| 001 - CONTROL NUMBER | |
| control field | 7967 |
| 005 - DATE AND TIME OF LATEST TRANSACTION | |
| control field | 20181127184804.0 |
| 008 - FIXED-LENGTH DATA ELEMENTS--GENERAL INFORMATION | |
| fixed length control field | 120616r19971996nyu 000 1 eng d |
| 010 ## - LIBRARY OF CONGRESS CONTROL NUMBER | |
| LC control number | 2012427551 |
| 020 ## - INTERNATIONAL STANDARD BOOK NUMBER | |
| International Standard Book Number | 0425158632 (pbk.) |
| International Standard Book Number | 9780425158630 (pbk.) |
| 100 1# - MAIN ENTRY--PERSONAL NAME | |
| Personal name | Clancy, Tom, |
| Dates associated with a name | 1947-2013. |
| 245 10 - TITLE STATEMENT | |
| Title | Executive orders / |
| Statement of responsibility, etc. | Tom Clancy. |
| 250 ## - EDITION STATEMENT | |
| Edition statement | Berkley ed. |
| 260 ## - PUBLICATION, DISTRIBUTION, ETC. | |
| Place of publication, distribution, etc. | New York : |
| Name of publisher, distributor, etc. | Berkley Books, |
| Date of publication, distribution, etc. | 1997, c1996. |
| 300 ## - PHYSICAL DESCRIPTION | |
| Extent | 1358, [1] p. ; |
| Dimensions | 18 cm. |
| 490 0# - SERIES STATEMENT | |
| Series statement | A Berkley book |
| Series statement | Berkley novel |
| 520 ## - SUMMARY, ETC. | |
| Summary, etc. | Jack Ryan becomes president by sheer accident when the former president, most of Congress, the Cabinet and the Supreme Court are bombed out of existence. Ryan must jump in to discover who did it, all the while contending with the threat of military takeover and covert biological warfare. |
| 600 10 - SUBJECT ADDED ENTRY--PERSONAL NAME | |
| Personal name | Ryan, Jack, |
| Titles and other words associated with a name | Sr. (Fictitious character) |
| Form subdivision | Fiction. |
| 650 #0 - SUBJECT ADDED ENTRY--TOPICAL TERM | |
| Topical term or geographic name entry element | International relations |
| Form subdivision | Fiction. |
| Topical term or geographic name entry element | Presidents |
| Geographic subdivision | United States |
| Form subdivision | Fiction. |
| Topical term or geographic name entry element | World politics |
| Form subdivision | Fiction. |
| 655 #7 - INDEX TERM--GENRE/FORM | |
| Genre/form data or focus term | Adventure fiction. |
| Source of term | |
| Genre/form data or focus term | Political fiction. |
| Source of term | |
No items available.